Guía de avisos de forasteros que vienen a la corte (Record no. 157756)

MARC details
000 -LEADER
campo de control de longitud fija 00898nam a2200181 i 4500
001 - NÚMERO DE CONTROL
campo de control 157756
003 - IDENTIFICADOR DE NÚMERO DE CONTROL
campo de control ES-MaACL
005 - FECHA Y HORA DE LA ÚLTIMA TRANSACCIÓN
campo de control 20230906210835.0
008 - DATOS DE LONGITUD FIJA--INFORMACIÓN GENERAL
campo de control de longitud fija 940202s1885 sp |||| | spa d
100 1# - ENTRADA PRINCIPAL--NOMBRE DE PERSONA
Nombre de persona Liñán y Verdugo, Antonio.
9 (RLIN) 72480
245 10 - MENCIÓN DEL TÍTULO
Título Guía de avisos de forasteros que vienen a la corte
Resto del título : historia de mucha diversión, gusto y apacible entretenimiento donde verán lo que les sucedió a unos recién-venidos... /
Mención de responsabilidad, etc. su autor, el Ldo. D. Antonio Liñán y Verdugo.
260 ## - PUBLICACIÓN, DISTRIBUCIÓN, ETC.
Lugar de publicación, distribución, etc. Barcelona :
Nombre del editor, distribuidor, etc. Biblioteca Clásica Española,
Fecha de publicación, distribución, etc. 1885 (
Fabricante Estab. tip. ed. de Daniel Cortezo y Cía.)
300 ## - DESCRIPCIÓN FÍSICA
Extensión 256 p. ;
Dimensiones 21 cm.
530 ## - NOTA DISPONIBLE DE FORMULARIO FÍSICO ADICIONAL
Nota de formato físico adicional disponible Disponible en formato digital.
651 #4 - PUNTO DE ACCESO ADICIONAL DE MATERIA--NOMBRE GEOGRÁFICO
Nombre geográfico Madrid-
Subdivisión general Usos y costumbres-
Subdivisión cronológica S.XVII.
9 (RLIN) 8990
852 ## - LOCALIZACIÓN
Ubicación ES-MaACL
Número de control de estantería B-1046
Nota libre - Enc. tela
856 ## - LOCALIZACIÓN Y ACCESO ELECTRÓNICOS
Identificador Uniforme de Recursos <a href="https://bvpb.mcu.es/es/consulta/registro.do?id=450911 ">https://bvpb.mcu.es/es/consulta/registro.do?id=450911 </a>
Nota pública Biblioteca Virtual del Patrimonio Bibliográfico
Holdings
Estatus retirado Estado de pérdida Estado de daño No para préstamo Colección Biblioteca de origen Biblioteca actual Ubicación en estantería Fecha de adquisición Fuente de adquisición Total de préstamos Signatura topográfica completa Código de barras Visto por última vez Precio de reemplazo Tipo de ítem Koha
        Colección digital Biblioteca del Ateneo de Madrid Biblioteca del Ateneo de Madrid Sala Pardo Bazán 17/01/2008     B-1046 1165089 23/02/2023 23/02/2023 Libro impreso antiguo